Nirantar pragati ke path par...Chandra Babu Naidu (Hindi) (Record no. 74973)

MARC details
000 -LEADER
fixed length control field 00289nam a22001097a 4500
082 ## - DEWEY DECIMAL CLASSIFICATION NUMBER
Classification number 82-94=214.21
Item number LAV
100 ## - MAIN ENTRY--AUTHOR NAME
Personal name LAVANYA, Inaganti
245 ## - TITLE STATEMENT
Title Nirantar pragati ke path par...Chandra Babu Naidu (Hindi)
260 ## - PUBLICATION, DISTRIBUTION, ETC. (IMPRINT)
Place of publication Hyderabad
Name of publisher Chetana Prakashan
Year of publication 2019
300 ## - PHYSICAL DESCRIPTION
Number of Pages 372p.
942 ## - ADDED ENTRY ELEMENTS (KOHA)
Koha item type Books
Holdings
Withdrawn status Lost status Damaged status Not for loan Home library Current library Date acquired Full call number Accession Number Koha item type
        RRII Library RRII Library 21/03/2023 82-94=214.21 LAV G01689 Books